00291pab a2200121 454500008004000000100001300040245003700053260000900090300001300099362001100112650002600123773002000149180718b2014 xxu||||| |||| 00| 0 eng d aAsok, B. aThe Vice Chancellor in labyrinth c2014 ap.12-14. a20 Jan aEducational personnel aUniversity News